[Event "BCF-ch U12"]
[Site "Bournemouth"]
[Date "2016.07.30"]
[Round "7"]
[White "Wong, Cheuk Nam"]
[Black "Bains Gillespie, Jake"]
[Result "1/2-1/2"]
[WhiteElo "1432"]
[BlackElo "1295"]
[PlyCount "60"]
[EventDate "2016.07.24"]
[EventType "swiss"]
[EventRounds "7"]
[EventCountry "ENG"]
[SourceTitle "EXT 2017"]
[Source "ChessBase"]
[SourceDate "2016.10.25"]
[SourceVersion "1"]
[SourceVersionDate "2016.10.25"]
[SourceQuality "1"]

1. d4 d5 2. c4 e6 3. Nc3 Nf6 4. Nf3 Be7 5. Bg5 0-0 6. e3 Nbd7 7. cxd5 exd5 8. Rc1 a6 9. Bd3 b6 10. 0-0 Bb7 11. Qc2 h6 12. Bf4 c5 13. b3 cxd4 14. exd4 Rc8 15. Rfe1 Ba3 16. Rb1 Bb4 17. Bd2 b5 18. Qb2 Nb6 19. a3 Bd6 20. Re2 Re8 21. Rxe8+ Qxe8 22. Re1 Qd7 23. Ne5 Qc7 24. Qc1 Nbd7 25. Nxd7 Nxd7 26. h3 Nf6 27. b4 Qb6 28. Bxh6 Qxd4 29. Bxg7 Kxg7 30. Qg5+ Kh8 1/2-1/2

[Event "BCF-ch U12"]
[Site "Bournemouth"]
[Date "2016.07.26"]
[Round "3"]
[White "Bains Gillespie, Jake"]
[Black "Balouka Myers, Toby"]
[Result "1-0"]
[WhiteElo "1295"]
[BlackElo "1575"]
[PlyCount "75"]
[EventDate "2016.07.24"]
[EventType "swiss"]
[EventRounds "7"]
[EventCountry "ENG"]
[SourceTitle "EXT 2017"]
[Source "ChessBase"]
[SourceDate "2016.10.25"]
[SourceVersion "1"]
[SourceVersionDate "2016.10.25"]
[SourceQuality "1"]

1. e4 e6 2. d4 d5 3. e5 c5 4. c3 Nc6 5. Nf3 Qb6 6. Be2 Bd7 7. 0-0 Nge7 8. Na3 Nf5 9. Nc2 Be7 10. a3 f6 11. exf6 Bxf6 12. dxc5 Qxc5 13. Ne3 Nxe3 14. Bxe3 Qd6 15. Rb1 0-0 16. b4 Bxc3 17. Bc5 Qc7 18. Bxf8 Rxf8 19. Qd3 Bf6 20. Rfc1 Qd6 21. Nd2 Be5 22. g3 Ne7 23. Nf3 Bf6 24. Qd1 e5 25. Bd3 Bg4 26. Be2 Qe6 27. Nd4 exd4 28. Bxg4 Qf7 29. Qe2 Kh8 30. Rc7 Qg6 31. Re1 d3 32. Qd1 d2 33. Rexe7 Bxe7 34. Rxe7 Rc8 35. Bxc8 Qc6 36. Bd7 Qg6 37. Re8+ Qxe8 38. Bxe8 1-0

[Event "BCF-ch U12"]
[Site "Bournemouth"]
[Date "2016.07.25"]
[Round "2"]
[White "Gray, Edward"]
[Black "Bains Gillespie, Jake"]
[Result "0-1"]
[WhiteElo "1615"]
[BlackElo "1295"]
[PlyCount "130"]
[EventDate "2016.07.24"]
[EventType "swiss"]
[EventRounds "7"]
[EventCountry "ENG"]
[SourceTitle "EXT 2017"]
[Source "ChessBase"]
[SourceDate "2016.10.25"]
[SourceVersion "1"]
[SourceVersionDate "2016.10.25"]
[SourceQuality "1"]

1. e4 e6 2. d4 d5 3. Nc3 Bb4 4. e5 c5 5. a3 Bxc3+ 6. bxc3 cxd4 7. cxd4 Nc6 8. Nf3 Nge7 9. Bd3 Bd7 10. 0-0 Qb6 11. Be3 Na5 12. Nd2 Rc8 13. Qg4 Ng6 14. h4 h5 15. Qg3 Ba4 16. Bxg6 fxg6 17. Qxg6+ Kf8 18. Rac1 Qc6 19. c3 Qd7 20. f4 Qe8 21. Qg5 Qe7 22. f5 Qxg5 23. Bxg5 exf5 24. Rxf5+ Ke8 25. e6 Rf8 26. Rxf8+ Kxf8 27. Rf1+ Kg8 28. e7 Nc6 29. Rf5 Re8 30. Rxd5 Nxe7 31. Bxe7 Rxe7 32. Ra5 Bc6 33. d5 b6 34. d6 Re2 35. Rxa7 Rxg2+ 36. Kf1 Rxd2 37. Ra6 Rxd6 38. Kf2 Bb5 39. Ra8+ Kh7 40. a4 Bc4 41. Rc8 Bb3 42. Ra8 Re6 43. a5 bxa5 44. Rxa5 Kh6 45. Rb5 Bc2 46. c4 Re4 47. Rb6+ g6 48. c5 Rxh4 49. c6 Bf5 50. c7 Rc4 51. Rb7 Rc6 52. Kg3 Bc8 53. Ra7 Ra6 54. Rxa6 Bxa6 55. Kh3 Kg5 56. Kg3 Bc8 57. Kf3 Kh4 58. Kg2 Kg4 59. Kh2 h4 60. Kg2 h3+ 61. Kh2 Bb7 62. Kg1 Kg3 63. c8Q Bxc8 64. Kh1 Bb7+ 65. Kg1 h2+ 0-1

[Event "BCF-ch U12"]
[Site "Coventry"]
[Date "2015.08.04"]
[Round "4"]
[White "Bains Gillespie, Jake"]
[Black "Gelain Sohn, Elias"]
[Result "1-0"]
[WhiteElo "1280"]
[BlackElo "1514"]
[PlyCount "153"]
[EventDate "2015.08.02"]
[EventType "swiss"]
[EventRounds "7"]
[EventCountry "ENG"]
[SourceTitle "CBM 167 Extra"]
[Source "ChessBase"]
[SourceDate "2015.09.14"]
[SourceVersion "1"]
[SourceVersionDate "2015.09.14"]
[SourceQuality "1"]

1. e4 e6 2. d4 d5 3. e5 c5 4. c3 Nc6 5. Nf3 Qb6 6. Be2 Nh6 7. Bxh6 Qxb2 8. Qb3 Qxa1 9. 0-0 cxd4 10. Bd2 a5 11. Na3 a4 12. Qc2 Qxf1+ 13. Kxf1 Bxa3 14. cxd4 Be7 15. Bd3 h6 16. Bb5 Bd7 17. Bxa4 0-0 18. Bb3 Rfc8 19. Qd1 Nb4 20. Bxb4 Bxb4 21. g3 Rc7 22. Kg2 Kf8 23. Qd3 g6 24. Qe3 Kg7 25. Qf4 Be7 26. h4 Rcc8 27. g4 Ba4 28. Qe3 Bxb3 29. Qxb3 Rab8 30. Qb5 Rc6 31. Qa4 Bd8 32. Qa7 Bc7 33. Kg3 Kh7 34. Kg2 Kg7 35. Qa3 Bd8 36. Qa7 Rcc8 37. Qa4 b5 38. Qb3 Be7 39. h5 g5 40. Qd3 Rc6 41. Nd2 b4 42. Nb3 Rbb6 43. Qf3 Rc2 44. Nc5 Rxa2 45. Nd7 Ra3 46. Nxb6 Rxf3 47. Kxf3 b3 48. Na4 Ba3 49. Nc3 b2 50. Ke3 Bb4 51. Nb1 f6 52. Kd3 Kf7 53. f3 fxe5 54. dxe5 Be1 55. Kc2 Bg3 56. Kxb2 Bxe5+ 57. Kc2 Kf6 58. Kd3 Bf4 59. Kd4 Be5+ 60. Kd3 Bb2 61. Kc2 Bd4 62. Kd3 Ke5 63. Nd2 Bb6 64. Nb3 Bg1 65. Nd2 d4 66. Nc4+ Kd5 67. f4 Bh2 68. fxg5 Bf4 69. g6 e5 70. g7 e4+ 71. Ke2 Kxc4 72. g8Q+ Kc3 73. Qc8+ Kb4 74. Qf8+ Kc3 75. Qxf4 d3+ 76. Ke3 Kc2 77. Qxe4 1-0

[Event "BCF-ch U12"]
[Site "Coventry"]
[Date "2015.08.02"]
[Round "1"]
[White "Saravanan, Aadarsh"]
[Black "Bains Gillespie, Jake"]
[Result "1-0"]
[WhiteElo "101"]
[BlackElo "1280"]
[PlyCount "65"]
[EventDate "2015.08.02"]
[EventType "swiss"]
[EventRounds "7"]
[EventCountry "ENG"]
[SourceTitle "CBM 167 Extra"]
[Source "ChessBase"]
[SourceDate "2015.09.14"]
[SourceVersion "1"]
[SourceVersionDate "2015.09.14"]
[SourceQuality "1"]

1. d4 d5 2. c4 e6 3. Nc3 Nf6 4. Bg5 Be7 5. e3 0-0 6. cxd5 exd5 7. Qc2 h6 8. Bf4 a6 9. Nf3 Nc6 10. a3 Bd6 11. Bxd6 Qxd6 12. h3 Re8 13. Bd3 Bd7 14. 0-0 Rad8 15. b4 Ne7 16. Rfb1 b5 17. Rc1 c6 18. Ne5 Nc8 19. Nb1 Na7 20. Nd2 Rc8 21. Nb3 Be6 22. Nc5 a5 23. Nb7 Qc7 24. Nxa5 Bd7 25. Nb3 Be6 26. Nc5 Nd7 27. Nexd7 Bxd7 28. Nxd7 Qxd7 29. Bf5 Qd6 30. Bxc8 Rxc8 31. Qc5 Qxc5 32. Rxc5 Kf8 33. a4 1-0

[Event "BCF-ch U11"]
[Site "Aberystwyth"]
[Date "2014.07.23"]
[Round "3"]
[White "Zhang, Harvey Y"]
[Black "Bains Gillespie, Jake"]
[Result "1/2-1/2"]
[WhiteElo "144"]
[BlackElo "124"]
[PlyCount "52"]
[EventDate "2014.07.22"]
[EventType "swiss"]
[EventRounds "7"]
[EventCountry "WLS"]
[SourceTitle "EXT 2017"]
[Source "ChessBase"]
[SourceDate "2016.10.25"]
[SourceVersion "1"]
[SourceVersionDate "2016.10.25"]
[SourceQuality "1"]

1. d4 d5 2. Nf3 e6 3. c4 Nf6 4. Nc3 Be7 5. Bf4 Nbd7 6. e3 0-0 7. Bd3 dxc4 8. Bxc4 a6 9. a4 b6 10. 0-0 Bb7 11. Rc1 c5 12. Bg3 Nh5 13. d5 exd5 14. Nxd5 Nxg3 15. hxg3 Nf6 16. Nc3 Qxd1 17. Rfxd1 Rfd8 18. Ne5 Rxd1+ 19. Rxd1 Rf8 20. g4 g5 21. f3 h6 22. Nd7 Rd8 23. Nxb6 Rxd1+ 24. Nxd1 Bd8 25. a5 Bxb6 26. axb6 Nd7 1/2-1/2